| 000 | 00609nam a22002297a 4500 | ||
|---|---|---|---|
| 005 | 20170124110115.0 | ||
| 010 | _aA-936034 | ||
| 020 |
_c150.00 _a8186754555 |
||
| 035 | _aA-936034 | ||
| 037 | _bCen Lib/Ret | ||
| 040 |
_aDPL _bEN |
||
| 082 |
_aN _bMAU |
||
| 100 |
_aMaung, Htin _929833 |
||
| 245 |
_aNGA BA : _cby Maung Htin |
||
| 260 |
_bIrrawaddy publications _aNew Delhi _c1998 |
||
| 270 |
_bNew Delhi _aC 487, Vikas puri _e110018 |
||
| 300 |
_axxxii,151p. _c20cm(Hb) |
||
| 650 |
_aBurmese literature _929834 |
||
| 650 |
_aBurmese fiction _929835 |
||
| 700 | _929816 | ||
| 942 |
_2ddc _cEN _hN _mMAU |
||
| 999 |
_c130681 _d130681 |
||